000 00859cam a2200217 4500
001 WB364008
008 000000n2000 000 0 eng u
035 _a(Sirsi) u108775
245 _aCompetition report on supermarkets
260 _c2000
490 _aDTI News Release
_v(P/2000/674) 10 October 2000 (2)
520 _aThe Competition Commission report "Supermarkets: a report on the supply of groceries from multiple stores in the UK" (TSO £80) makes a number of recommendations and concludes that it is satisfied that the industry is currently broadly competitive and that overall excessive prices are not being charged nor excessive profits earned.
590 _aWB
650 _aMULTIPLE STORES
650 _aSUPERMARKETS
650 _aCOMPETITION
650 _aPROFITS
650 _aSUPPLIERS
690 _aECONOMIC ISSUES
942 _n0
999 _c64941
_d64941